<?xml version="1.0" encoding="UTF-8"?>
<marc:record xmlns:marc="http://www.loc.gov/MARC21/slim">
   <marc:leader>00000nam a2200000 a 4500</marc:leader>
   <marc:datafield ind1="1" ind2=" " tag="100">
      <marc:subfield code="a">Kiel, Anja</marc:subfield>
      <marc:subfield code="4">aut</marc:subfield>
      <marc:subfield code="e">Verfasser/-in</marc:subfield>
   </marc:datafield>
   <marc:datafield ind1="0" ind2="0" tag="245">
      <marc:subfield code="a">Das Dings aus dem Schrank</marc:subfield>
   </marc:datafield>
   <marc:datafield ind1="0" ind2="0" tag="245">
      <marc:subfield code="c">Anja Kiel</marc:subfield>
   </marc:datafield>
   <marc:datafield ind1=" " ind2="1" tag="264">
      <marc:subfield code="a">Hamburg</marc:subfield>
      <marc:subfield code="b">Edel Kids Books</marc:subfield>
      <marc:subfield code="c">2022</marc:subfield>
   </marc:datafield>
   <marc:datafield ind1=" " ind2=" " tag="250">
      <marc:subfield code="a">1. Auflage</marc:subfield>
   </marc:datafield>
   <marc:datafield ind1="1" ind2=" " tag="520">
      <marc:subfield code="a">Die 10-jährige Sophia entdeckt in ihrem alten Wandschrank ein undefinierbares Dings. Es ist scheu und traut sich zunächst nicht heraus, also gibt Sophia ihm etwas Wasser und Gummibärchen zum Naschen. Als dann jeden Tag immer wieder ein anderes Wesen aus dem Schrank schlüpft, kommt Sophia langsam hinter das unglaubliche Geheimnis: Das Dings aus dem Schrank kann sich verwandeln, und zwar je nachdem, was es frisst und wie Sophia sich fühlt! An einem Tag ist es gummiartig wie ein Ball und macht Sophia überraschend zu einem kleinen Basketball-Profi, an einem anderen Tag wiederum ist das Dings unsichtbar und stellt damit Sophias Leben gehörig auf den Kopf!</marc:subfield>
   </marc:datafield>
   <marc:datafield ind1=" " ind2=" " tag="020">
      <marc:subfield code="a">9783961292264</marc:subfield>
      <marc:subfield code="9">9783961292264</marc:subfield>
   </marc:datafield>
   <marc:datafield ind1=" " ind2=" " tag="041">
      <marc:subfield code="a">ger</marc:subfield>
   </marc:datafield>
   <marc:datafield ind1=" " ind2=" " tag="300">
      <marc:subfield code="a">164 Seiten</marc:subfield>
   </marc:datafield>
</marc:record>
